Vassall Morton : a novel /

Bibliographic Details
Main Author: Parkman, Francis, 1823-1893
Format: Microform Book
Language:English
Published: Boston : Phillips, Sampson, 1856.

MARC

Tag First Indicator Second Indicator Subfields
LEADER 00000cam a2200000 a 4500
001 in00000748366
005 20151016155442.0
007 hd afa014baca
008 840223s1856 ctu a 00011 eng d
035 |a (OCoLC)10447344 
035 |9 ADH9182AM 
040 |a LWS  |c LWS  |d UtOrBLW 
049 |a TXAI 
090 |a PS15 
099 |a film  |a B  |a 1551 
100 1 |a Parkman, Francis,  |d 1823-1893. 
245 1 0 |a Vassall Morton :  |b a novel /  |c by Francis Parkman. 
264 1 |a Boston :  |b Phillips, Sampson,  |c 1856. 
300 |a 414 pages 
336 |a text  |b txt  |2 rdacontent 
337 |a microform  |b h  |2 rdamedia 
338 |a microfilm reel  |b hd  |2 rdacarrier 
533 |a Microfilm.  |b Woodbridge, Conn. :  |c Research Publications,  |d 1970-1978.  |e 1 microfilm. reel ; 35 mm.  |f (Wright American fiction ; v. 2 (1851-1875), reel P-2, no. 1844) 
500 |a Microform. 
999 |a MARS 
999 f f |s fde881e2-9da1-3783-b6cb-64744fc701d9  |i 2fd34c2b-b3ff-357f-8918-6e9d9c828748  |t 0 
952 f f |p default  |a Texas A&M University  |b College Station  |c Sterling C. Evans Library  |d Evans: Microforms (3rd floor)  |t 0  |e film B 1551 v.2 reel P-2 no.1844  |h Other scheme  |i microform -- microfilm reel 
998 f f |a film B 1551 v.2 reel P-2 no.1844  |t 0  |l Evans: Microforms (3rd floor)